Visualizzazione normale
Vista MARC
- Lancina, Juan Alfonso de,
di Personal Name
Records bibliografici associati: 1
001 - CONTROL NUMBER
- control field: 64008
003 - CONTROL NUMBER IDENTIFIER
- control field: IT-RoINE
005 - DATE AND TIME OF LATEST TRANSACTION
- control field: 20191104061819.0
008 - FIXED-LENGTH DATA ELEMENTS
- fixed length control field: 191104|| aca||aabn | a|a d
040 ## - CATALOGING SOURCE
- Original cataloging agency: IT-RoINE
- Transcribing agency: IT-RoINE
100 1# - HEADING--PERSONAL NAME
- Personal name: Lancina, Juan Alfonso de,
- Dates associated with a name: ca. 1649-1703
400 1# - SEE FROM TRACING--PERSONAL NAME
- Personal name: Rodríguez de Lancina, Juan Alfonso,
- Dates associated with a name: ca. 1649-1703
670 ## - SOURCE DATA FOUND
- Source citation: Work cat.: (IT-RoINE)0: Lancina, Juan Alfonso de, ca. 1649-1703, Comentarios políticos a Tácito /, 2004.